00450nam a2200157 u 4500001001000000003000900010005001700019007000300036008003800039040002800077082000700105245009400112260003700206300002800243500002100271000003510DO-SdBNP20220831135618.0ta090709s197u dr c 001 0 spa d aDO-SdBNPbspacDO-SdBNP 422200aMemoria de la basílica menor de Santa María, Virgen de la Altagracia, Higüey, 1971. a[Santo Domingo] :b[s.n.],c197? a114 p. :bretr.c30 cm. aIncluye índice